| 000 | 00589nam a2200181Ia 4500 | ||
|---|---|---|---|
| 008 | 140321s9999 xx 000 0 und d | ||
| 020 | _a971041341 | ||
| 050 |
_aHM 51 _b.B212 2012 |
||
| 100 | _aBanaag, Lee Mark T. | ||
| 245 |
_aSocio-anthro : _ban integrated and interdisciplinary approach to the study of society and culture / _cLee Mark T. Banaag. |
||
| 260 |
_aMandaluyong City : _bBooks Atpb. Pub., _cc2012. |
||
| 300 |
_a278 p. : _bill. ; _c25 cm. |
||
| 500 | _aIncludes bibliographical references. | ||
| 521 | _aGE | ||
| 650 | _aSociology. | ||
| 942 |
_kLOC _cBK |
||
| 999 |
_c48473 _d48473 |
||